000 00573nam a22002297a 4500
003 UA-OsUOA
001 39581
007 ta
008 20080513b un ||||| |||| 00| 0 ukr d
090 _a050
_bП81
942 _cMG
040 _aUA-OsUOA
_bukr
_cUA-OsUOA
_dUA-OsUOA
245 _aПромінь
300 _a80 с.
955 _a4
041 _aukr
080 _a050
260 _aВінніпег
246 3 1 _aРічник студентського кружка при колегії св. Андрея у Вінніпегу
650 7 _2UDC
999 _c438089
_d438089